Регионална библиотека "Любен Каравелов" - Русе

Турция (Запис номер 332470)

MARC детайли
000 -Лидер
Контролно поле с фиксирана дължина nam a22 a 4500
003 - Код на организацията, давaща контролен номер
Контролно поле BLK
005 - Дата и час на последна редакция
Контролно поле 20190709133835.0
008 - Елементи от данни с фиксирана дължина
fixed length control field 190709b bu ||||| |||| 00| 0 bu d
020 ## - Международен стандартен номер на книга ISBN
Международен стандартен номер на книга ISBN 978-975194278-4
040 ## - Източник на каталожния запис
Идентификатор на билиотеката - собственик на записа BLK
041 ## - Код за език
Код за езика на текст/звукозапис или на отделно заглавие Руски
Код за езика КДБФ Руски
080 ## - УДК
Текстов определител УДК Социография. Социално положение. Условия на политическия и социалния живот. Социално и социално-икономическо положение на отделните страни, народи, раси. Социална география. (Общи въпроси)
УДК код - определител по УДК 308
УДК определител (560)
УДК - код + определител 308(560)
080 ## - УДК
Текстов определител УДК Регионална география
УДК код - определител по УДК 913
УДК определител (560)
УДК - код + определител 913(560)
100 ## - Редна дума - Автор
R(LIN) 948
Автор Доган, Кутлай
Авторска отговорност подг.
139 ## - Редно поле
Редна дума Доган, Кутлай
Авторски знак Дог - Д 69
245 ## - Сведения за заглавието
Заглавие Турция
Редно поле (дума) Кутлай Доган ; прев. на рус.Ольга Корбут
260 ## - Област на издателските данни
9 (RLIN) 214595
Място на издаване, разпространение и проч. Анкара
Име на издателя, разпространителя и проч. Turk Haberler Ajansi
Година на издаване 2008
300 ## - Физическа характеристика
Страници 526 с.
Илюстрации и др. с цв. ил.
Размери/Мащаб 20 см
380 ## - Жанр
Жанр Обществени науки
650 #7 - Допълнително описание по предмет – тема
9 (RLIN) 174341
Основно описание – тема или топоним Турция
651 #7 - Допълнително описание по предмет - топоним
9 (RLIN) 179691
Географско понятие Турция
653 #7 - Ключова дума – ненормативна
9 (RLIN) 198823
Ключова дума Турция
700 ## - Други автори (авторска отговорност)
9 (RLIN) 1007
Лично име Корбут, Ольга
Автороска отговорност (Описва отношението между автора и произведението) прев. на рус.
999 ## - СИСТЕМНИ КОНТРОЛНИ НОМЕРА
Koha biblionumber 332470
Koha biblioitemnumber 332470
942 ## - АРТИКУЛИ
Вид на библиотечния материал Книги
Скрит в OPAC Не
Наличности
Код за отписване Код за изгубен артикул Източник на класификационната схема Код за повреда Код за отдаване Артикулен № Име на библиотеката - собственик Име на библиотеката, в която се намира в момента Статус (Текущо местоположение) Дата на вписване в системата Местоположение - отдел Цена в лева Систематично азбучна сигнатура Баркод Цена в евро Служебен тип на артикула
  Не е изгубен Universal Decimal Classification Не е повреден заемане за дома 730026 Регионална библиотека "Любен Каравелов" Русе Регионална библиотека "Любен Каравелов" Русе Заемна - подръчен фонд 2019-07-11 Заемна - подръчен фонд 12.00 П 308(5)/Д 69 120000833859 6.14 Книги
Vip Innovations Ltd, Rousse, Bulgaria 2025